Regionálna konvergencia EÚ z pohľadu teórie a empírie

Teoretický pohľad na regionálnu konvergenciu. Hlavné faktory konvergencie/divergencie podľa hlavných teórií. Metodický pohľad na regionálnu konvergenciu. Beta konvergencia, sigma konvergencia a konvergenčné kluby. Empirický pohľad na regionálnu konvergenciu Európskej únie.

Salvato in:
Dettagli Bibliografici
Autore principale: Kováč Gerulová, Lukrécia, 1978-
Altri autori: Kováč, Urban, Buček, Milan
Natura: Capitolo di libro
Lingua:slovacco
Soggetti:
Tags: Aggiungi Tag
Nessun Tag, puoi essere il primo ad aggiungerne!!

MARC

LEADER 00000nla$a2200000$$$4500
001 0118239
005 20240502083309.0
041 0 |a slo 
044 |a CZ 
245 1 0 |a Regionálna konvergencia EÚ z pohľadu teórie a empírie  |c Lukrécia Kováč Gerulová, Urban Kováč, Milan Buček 
520 |a Teoretický pohľad na regionálnu konvergenciu. Hlavné faktory konvergencie/divergencie podľa hlavných teórií. Metodický pohľad na regionálnu konvergenciu. Beta konvergencia, sigma konvergencia a konvergenčné kluby. Empirický pohľad na regionálnu konvergenciu Európskej únie. 
610 2 0 |a konvergencia 
610 2 0 |a vývoj hospodársky 
610 2 0 |a regióny 
610 2 0 |a rozvoj regionálny 
610 2 0 |a teórie ekonomické 
610 2 0 |a Európska únia 
100 1 |a Kováč Gerulová, Lukrécia, 1978- 
700 1 |a Kováč, Urban 
700 1 |a Buček, Milan